000 00914nam a2200289 i 4500
003 EG-GICUC
005 20260222112841.0
008 260222s1961 fr adb|fr|||| 000 0 fre d
040 _aEG-GiCUC
_bfre
_cEG-GiCUC
_dEG-GiCUC
_eRda
041 0 _afre
082 0 4 _221
_a341
_bGI . M
092 0 4 _221
099 _aLaw1 11 341 GI . M 1961
100 1 _aGidel, Gilbert
_eAuteur
245 1 0 _aMélanges En L'honneur De Gilbert Gidel /
_c Gilbert Gidel.
264 1 _aParis :
_bLibrairie Sirey,
_c1961.
300 _a605 page,
_c24 cm.
336 _2rda contenu
_a texte
337 _2rda medias
_aOrdinateur
338 _2 transporteur rda
_a Ressource en ligne
504 _aComprend des références bibliographiques.
546 _aTexte en français
650 1 4 _aDroit international public
856 4 0 _uhttps://fll.law.cu.edu.eg/fulltext/bks/B11-08020.pdf
905 _a48
942 _2ddc
_cBK
_e21
_n0
999 _c63992
_d63992